| 000 | 00899nam a22002417a 4500 | ||
|---|---|---|---|
| 008 | 240605b mp ||||| |||| 00| 0 mon d | ||
| 020 | _a9789997318404 | ||
| 035 | _a25500 | ||
| 040 |
_aHE0623081 _bmon _cMN-UlNLM _dMN-UlNLM _erda |
||
| 041 | _amon | ||
| 042 | _a59342 | ||
| 084 |
_2NNA _a84(0)-44 _bН.282 |
||
| 100 | _aНанжид Б. Гантулга Б. | ||
| 245 | 0 | _aНар сар Рах | |
| 264 |
_aУБ. _bМонсудар _c2020 |
||
| 300 | _a32х. | ||
| 336 |
_2rdacontent _atext _btxt |
||
| 337 |
_2rdamedia _aunmediated _bn |
||
| 338 |
_2rdacarrier _avolume _bnc |
||
| 650 | _aХүмүүсийн муу муухай сэтгэлээс нэгэн мангас үүсжээ. Ховдог тэр мангас хамаг бүхнийг залгих болов. Хичнээн ихийг идсэн ч цүдгэр ... | ||
| 942 |
_2NNA _cBK |
||
| 999 |
_c895192 _d895249 |
||